[Event "Ste Foy Polgar"]
[Site "Ste Foy"]
[Date "2018.06.02"]
[Round "4"]
[White "Marois, Remi"]
[Black "Cummins, Paul"]
[Result "1-0"]
[WhiteElo "1636"]
[BlackElo "1764"]
[PlyCount "83"]
[EventDate "2018.05.12"]
[EventType "swiss"]
[EventRounds "5"]
[EventCountry "CAN"]
[SourceTitle "EXT 2022"]
[Source "ChessBase"]
[SourceDate "2021.10.06"]
[SourceVersion "1"]
[SourceVersionDate "2021.10.06"]
[SourceQuality "1"]

1. e4 e5 2. f4 Bc5 3. Nf3 d6 4. Bc4 Nf6 5. Qe2 Bg4 6. h3 Bxf3 7. Qxf3 Nbd7 8. d3 Qe7 9. Be3 Bxe3 10. Qxe3 exf4 11. Qe2 Ne5 12. Bb3 0-0 13. Nc3 Ng6 14. h4 c6 15. h5 Ne5 16. 0-0-0 b5 17. Rdf1 a5 18. a4 b4 19. Nd1 Ned7 20. Rxf4 Nc5 21. Nf2 Nxb3+ 22. cxb3 Qe6 23. Qd1 d5 24. Ng4 Nd7 25. Rhf1 dxe4 26. Rxe4 Qd6 27. Rff4 f5 28. Rd4 Qc7 29. Ne3 c5 30. Qc2 Nb6 31. Rxf5 Rxf5 32. Nxf5 Qe5 33. Rd6 Qxf5 34. Rxb6 Re8 35. Kb1 Qxh5 36. Rc6 Re5 37. Qc4+ Kf8 38. Rc8+ Ke7 39. Qa6 Re6 40. Qb7+ Kf6 41. Rf8+ Kg6 42. Qf7+ 1-0

[Event "Ste Foy Polgar"]
[Site "Ste Foy"]
[Date "2018.05.26"]
[Round "3"]
[White "Stoyanova, Stela"]
[Black "Marois, Remi"]
[Result "1-0"]
[WhiteElo "1548"]
[BlackElo "1636"]
[PlyCount "79"]
[EventDate "2018.05.12"]
[EventType "swiss"]
[EventRounds "5"]
[EventCountry "CAN"]
[SourceTitle "EXT 2022"]
[Source "ChessBase"]
[SourceDate "2021.10.06"]
[SourceVersion "1"]
[SourceVersionDate "2021.10.06"]
[SourceQuality "1"]

1. c4 Nf6 2. d4 g6 3. Nf3 Bg7 4. Nc3 0-0 5. e4 d6 6. h3 e5 7. dxe5 dxe5 8. Qxd8 Rxd8 9. Bg5 c6 10. Be2 Re8 11. 0-0-0 Nh5 12. g3 a5 13. Nh4 a4 14. Bxh5 gxh5 15. Nf5 Bxf5 16. exf5 Na6 17. Rhe1 f6 18. Be3 Bf8 19. Ne4 Kg7 20. a3 Red8 21. Rg1 b5 22. Rxd8 Rxd8 23. g4 hxg4 24. Rxg4+ Kf7 25. cxb5 cxb5 26. Nc3 Rc8 27. Kd2 Rd8+ 28. Ke2 Rc8 29. Rh4 Bxa3 30. bxa3 Rxc3 31. Rxh7+ Kg8 32. Ra7 Nc5 33. Bxc5 Rxc5 34. Kd3 Rc1 35. Ke4 Rc3 36. Kd5 Rxa3 37. Ke6 Rc3 38. Kxf6 Rxh3 39. Kg6 Kf8 40. f6 1-0

[Event "Quebec Montcalm op 7 2017-18"]
[Site "Quebec"]
[Date "2018.05.10"]
[Round "3"]
[White "Marois, Remi"]
[Black "Bender, Karl Heinz"]
[Result "1/2-1/2"]
[WhiteElo "1627"]
[BlackElo "1519"]
[PlyCount "115"]
[EventDate "2018.04.26"]
[EventType "swiss"]
[EventRounds "5"]
[EventCountry "CAN"]
[SourceTitle "EXT 2022"]
[Source "ChessBase"]
[SourceDate "2021.10.06"]
[SourceVersion "1"]
[SourceVersionDate "2021.10.06"]
[SourceQuality "1"]

1. e4 c5 2. Nf3 d6 3. d4 cxd4 4. Nxd4 Nf6 5. Nc3 g6 6. Be3 Bg7 7. f3 0-0 8. Qd2 Re8 9. Bc4 Nc6 10. Bb3 Bd7 11. 0-0-0 Rc8 12. h4 Ne5 13. g4 Nc4 14. Bxc4 Rxc4 15. h5 Qa5 16. hxg6 hxg6 17. Kb1 Rxc3 18. Qxc3 Qxc3 19. bxc3 Rc8 20. Ne2 Nxg4 21. fxg4 Bxg4 22. Rde1 Rc4 23. Bd4 e5 24. Bxa7 Rxe4 25. Nc1 Rxe1 26. Rxe1 f5 27. Bb8 Bf8 28. c4 e4 29. Nb3 Kf7 30. Na5 b6 31. Nb7 Ke6 32. Ba7 Kd7 33. Nxd6 Kxd6 34. Bxb6 Kc6 35. Be3 Be7 36. a4 g5 37. a5 Bf3 38. a6 f4 39. Bf2 g4 40. Ka2 e3 41. Bxe3 fxe3 42. Rxe3 Bd6 43. Kb3 Kc7 44. Kc3 Bc5 45. Re8 g3 46. a7 Bxa7 47. Rg8 g2 48. Kb4 g1Q 49. Rxg1 Bxg1 50. Kc3 Kc6 51. Kd3 Kc5 52. Kc3 Be2 53. Kd2 Bxc4 54. Kc3 Bg8 55. Kd3 Bd4 56. Kd2 Kc4 57. Ke2 Kc3 58. Kd1 1/2-1/2

[Event "Quebec Montcalm op 7 2017-18"]
[Site "Quebec"]
[Date "2018.05.03"]
[Round "2"]
[White "Marois, Remi"]
[Black "Garcia Casillas, Carlos"]
[Result "1/2-1/2"]
[WhiteElo "1627"]
[BlackElo "1761"]
[PlyCount "117"]
[EventDate "2018.04.26"]
[EventType "swiss"]
[EventRounds "5"]
[EventCountry "CAN"]
[SourceTitle "EXT 2022"]
[Source "ChessBase"]
[SourceDate "2021.10.06"]
[SourceVersion "1"]
[SourceVersionDate "2021.10.06"]
[SourceQuality "1"]

1. e4 c5 2. Nf3 d6 3. d4 cxd4 4. Nxd4 Nf6 5. Nc3 a6 6. Bc4 b5 7. Bb3 e6 8. f4 Nbd7 9. f5 e5 10. Nc6 Qc7 11. Nb4 Bb7 12. Nbd5 Qb8 13. Be3 b4 14. Nxb4 Bxe4 15. Nxe4 Qxb4+ 16. Nc3 Rc8 17. 0-0 Be7 18. Nd5 Nxd5 19. Qxd5 0-0 20. c3 Qb8 21. Qd3 Qb5 22. Qxb5 axb5 23. a4 bxa4 24. Bxa4 Nc5 25. Bc2 Rc7 26. b4 Nd7 27. Bd2 d5 28. Bb3 Nf6 29. Ra5 Ne4 30. Rxd5 Nxd2 31. Rxd2 Rxc3 32. Rb2 e4 33. Ba4 Rb8 34. Rd1 Kf8 35. b5 e3 36. Kf1 Ra3 37. Bc2 Bf6 38. Rbb1 Ra2 39. Bd3 Rf2+ 40. Kg1 Bd4 41. Re1 Rd2 42. Be2 Ke7 43. Kf1 Kf6 44. g4 Kg5 45. Red1 g6 46. fxg6 hxg6 47. Rb3 Rxd1+ 48. Bxd1 Bb6 49. Kg2 Rd8 50. Be2 Rd2 51. Kf3 f5 52. gxf5 gxf5 53. Rb4 Rd6 54. Kg3 Rh6 55. Rc4 f4+ 56. Kg2 Rd6 57. Kf3 Rh6 58. Kg2 Rd6 59. Kf3 1/2-1/2

[Event "Quebec Festival"]
[Site "Quebec"]
[Date "2006.06.19"]
[Round "1"]
[White "Cournoyer, Dominic"]
[Black "Marois, Remi"]
[Result "1/2-1/2"]
[WhiteElo "1803"]
[BlackElo "1490"]
[PlyCount "85"]
[EventDate "2006.06.19"]
[EventType "swiss"]
[EventRounds "5"]
[EventCountry "CAN"]
[SourceTitle "EXT 2009"]
[Source "ChessBase"]
[SourceDate "2008.11.26"]
[SourceVersion "1"]
[SourceVersionDate "2008.11.26"]
[SourceQuality "1"]

1. c4 Nf6 2. Nc3 e6 3. Nf3 Bb4 4. Qc2 0-0 5. e3 d5 6. Be2 b6 7. 0-0 Ba6 8. d3 Qe7 9. b3 dxc4 10. dxc4 Rd8 11. Bb2 Ba3 12. Bxa3 Qxa3 13. Nd4 Bb7 14. Bf3 Bxf3 15. Nxf3 Nc6 16. Rfd1 Qe7 17. h3 Rxd1+ 18. Rxd1 Rd8 19. Qe2 Rxd1+ 20. Qxd1 a6 21. Nd4 Nxd4 22. Qxd4 Qd7 23. Kf1 c5 24. Qxd7 Nxd7 25. Ke2 Kf8 26. Kd3 Ke7 27. g4 Kd6 28. Ne4+ Ke7 29. f4 f5 30. Nf2 g6 31. Kc3 a5 32. gxf5 exf5 33. a3 Nf6 34. b4 a4 35. bxc5 bxc5 36. Kd3 Ke6 37. Nd1 Nd7 38. Nc3 Nb6 39. e4 fxe4+ 40. Nxe4 Nd7 41. Ke3 h6 42. Ng3 Nb6 43. Kd3 1/2-1/2

[Event "FICGS class E 000006 email"]
[Site "FICGS email"]
[Date "2006.06.07"]
[Round "1"]
[White "Berthelot, Eric"]
[Black "Marois, Remi"]
[Result "1-0"]
[WhiteElo "1317"]
[BlackElo "1500"]
[PlyCount "35"]
[EventDate "2006.??.??"]
[EventType "tourn (corr)"]
[EventRounds "5"]
[SourceTitle "Corr 2022"]
[Source "ChessBase"]
[SourceDate "2021.10.24"]
[SourceVersion "1"]
[SourceVersionDate "2021.10.24"]
[SourceQuality "1"]

1. d4 Nf6 2. Nc3 d5 3. Nf3 e6 4. Bg5 Bb4 5. e3 c5 6. Be2 Qa5 7. Bxf6 Bxc3+ 8. bxc3 Qxc3+ 9. Nd2 gxf6 10. dxc5 Nd7 11. 0-0 Nxc5 12. Rb1 f5 13. Nf3 Rg8 14. Bb5+ Kf8 15. Be2 b6 16. Nd4 Bb7 17. Nb3 Ne4 18. f3 1-0

[Event "FICGS class E 000006 email"]
[Site "FICGS email"]
[Date "2006.06.07"]
[Round "1"]
[White "Guralivu, Paul Iosif"]
[Black "Marois, Remi"]
[Result "0-1"]
[WhiteElo "1293"]
[BlackElo "1500"]
[PlyCount "26"]
[EventDate "2006.??.??"]
[EventType "tourn (corr)"]
[EventRounds "5"]
[SourceTitle "Corr 2022"]
[Source "ChessBase"]
[SourceDate "2021.10.24"]
[SourceVersion "1"]
[SourceVersionDate "2021.10.24"]
[SourceQuality "1"]

1. e4 c5 2. Nf3 d6 3. Bb5+ Nc6 4. d4 cxd4 5. Nxd4 Bd7 6. Nxc6 bxc6 7. Bc4 Nf6 8. Nc3 g6 9. 0-0 Bg7 10. Re1 0-0 11. f4 Qb6+ 12. Kh1 Ng4 13. Qf3 Nf2+ 0-1

[Event "Charlesbourg Capablanca op"]
[Site "Charlesbourg"]
[Date "2005.01.10"]
[Round "1"]
[White "Marois, Remi"]
[Black "Robitaille, Denis"]
[Result "1/2-1/2"]
[WhiteElo "1639"]
[BlackElo "1179"]
[PlyCount "99"]
[EventDate "2005.01.10"]
[EventType "swiss"]
[EventRounds "5"]
[EventCountry "CAN"]
[SourceTitle "EXT 2006"]
[Source "ChessBase"]
[SourceDate "2005.11.24"]
[SourceVersion "1"]
[SourceVersionDate "2005.11.24"]
[SourceQuality "1"]

1. e4 Nf6 2. e5 Nd5 3. d4 d6 4. c4 Nb6 5. exd6 cxd6 6. Nc3 g6 7. Nf3 Bg7 8. Be2 0-0 9. 0-0 Bg4 10. b3 Nc6 11. Be3 e5 12. dxe5 dxe5 13. Qxd8 Rfxd8 14. Bxb6 axb6 15. Rfd1 e4 16. Nxe4 Bxa1 17. Rxa1 Kg7 18. Nc3 Ne7 19. h3 Bf5 20. g4 Bd3 21. Kf1 Bxe2+ 22. Kxe2 Nc6 23. Nd5 b5 24. Nc7 Rac8 25. Nxb5 Re8+ 26. Kf1 Rcd8 27. Re1 Rxe1+ 28. Kxe1 Nb4 29. a3 Nd3+ 30. Kf1 Nf4 31. Nfd4 Nxh3 32. c5 Nf4 33. f3 Nd3 34. c6 bxc6 35. Nxc6 Rd5 36. a4 Nc5 37. Nbd4 Rd6 38. a5 Na6 39. Ke2 Kf8 40. Ke3 Ke8 41. b4 Nc7 42. b5 Nxb5 43. a6 Nc7 44. a7 Na8 45. Ke4 f6 46. Nb4 Kd7 47. Nd5 Ra6 48. Ne2 Rxa7 49. Nxf6+ Ke6 50. g5 1/2-1/2

[Event "Quebec Montcalm op 1st"]
[Site "Quebec"]
[Date "2005.??.??"]
[Round "1"]
[White "Lessard, Claude"]
[Black "Marois, Remi"]
[Result "1-0"]
[WhiteElo "2025"]
[BlackElo "1522"]
[PlyCount "55"]
[EventDate "2005.09.25"]
[EventType "swiss"]
[EventRounds "5"]
[EventCountry "CAN"]
[SourceTitle "EXT 2007"]
[Source "ChessBase"]
[SourceDate "2006.11.23"]
[SourceVersion "1"]
[SourceVersionDate "2006.11.23"]
[SourceQuality "1"]

1. d4 Nf6 2. Nf3 g6 3. c4 Bg7 4. Nc3 d5 5. e3 0-0 6. Be2 dxc4 7. Bxc4 c5 8. 0-0 Qc7 9. Qe2 Bg4 10. d5 Nbd7 11. h3 Bxf3 12. Qxf3 Ne5 13. Qe2 Nxc4 14. Qxc4 a6 15. a4 Ne8 16. e4 Nd6 17. Qe2 b5 18. axb5 Bxc3 19. bxc3 axb5 20. Bh6 Rfd8 21. Rfd1 Ra4 22. Rxa4 bxa4 23. Bf4 Qa5 24. e5 Nb5 25. e6 f6 26. d6 Nxc3 27. Qe1 Qb4 28. dxe7 1-0

[Event "Charlesbourg Millenium op"]
[Site "Charlesbourg"]
[Date "2004.11.22"]
[Round "1"]
[White "Marois, Remi"]
[Black "Fecteau, Martin"]
[Result "1/2-1/2"]
[WhiteElo "1503"]
[BlackElo "1934"]
[PlyCount "93"]
[EventDate "2004.11.22"]
[EventType "swiss"]
[EventRounds "5"]
[EventCountry "CAN"]
[SourceTitle "EXT 2006"]
[Source "ChessBase"]
[SourceDate "2005.11.24"]
[SourceVersion "1"]
[SourceVersionDate "2005.11.24"]
[SourceQuality "1"]

1. e4 c5 2. Nf3 d6 3. d4 cxd4 4. Nxd4 Nf6 5. Nc3 Nc6 6. Bc4 Bd7 7. Bb3 g6 8. Be3 Bg7 9. f3 0-0 10. Qd2 Na5 11. Bh6 Rc8 12. Bxg7 Kxg7 13. h4 h5 14. 0-0-0 a6 15. Qg5 Rc5 16. Qe3 b5 17. a3 Qc7 18. Ba2 Nc4 19. Bxc4 Rxc4 20. Nd5 Nxd5 21. exd5 Re8 22. Rd2 e5 23. dxe6 Bxe6 24. Nxe6+ Rxe6 25. Qf2 Qe7 26. Kd1 Qf6 27. c3 Qf5 28. Kc1 Kg8 29. Rd4 Qc5 30. Qd2 a5 31. Rxc4 Qxc4 32. Re1 Rxe1+ 33. Qxe1 b4 34. axb4 axb4 35. Qe8+ Kh7 36. Kd2 bxc3+ 37. bxc3 Kg7 38. g3 Qa2+ 39. Ke3 Qg2 40. Kf4 Qd2+ 41. Qe3 Qc2 42. Qd4+ Kg8 43. Qxd6 Qxc3 44. Qd8+ Kg7 45. Qe7 Qc4+ 46. Qe4 Qc1+ 47. Qe3 1/2-1/2